000 00350nmm a2200145 a 4500
003 AR-BaBNM
005 20251128203105.0
008 033119s1910 ||||||||||||||000 | spa||
040 _cAR-BaBNM
100 1 _aBinet, Alfred
245 1 0 _aIdées modernes sur les enfants
260 _a[S.l.]
_bE. Flammarion
_c1910
942 _cBK
998 _cArchipretre
999 _c1841
_d1841